000
00236nam a2200097Ia 4500
001
979455
005
20250826220807.0
008
250824s9999 xx 000 0 und d
245
0
_a
ADI: AYLİN
_c
AYŞE KULİN
260
_b
Everest Yayınları
999
_c
979455
_d
979455